000
00260nam a22001217a 4500
008
180109b xxu||||| |||| 00| 0 eng d
041
_a
eng
080
_a
574
100
_a
9
101
_a
MJE
245
_a
EXOTIC INDOOR PLANTS
_c
DAVIDSON,W
942
_2
udc
_c
BK
999
_c
39928
_d
39928